00542nam a2200169Ia 4500008004100000020001500041041001200056082001100068100001500079245003300094260004000127300000800167650001700175942000700192999001500199952015800214221030s9999 xx 000 0 und d a8185749795 aEnglish a105.23 aP. S. Gill 0aText book of Machine Drawing bS.K Kataria & SonsaNew Delhic2006 a709 aBB Mechanics cBK c3985d3985 pBB 242g250.00l0o105.23 r2025-05-17 00:00:00w2022-10-30yBK003Print4070aMIETLIBbMIETLIBcBL-Second, FL-1, CUP-100, SH-3, R-3d2007-05-0510HBB